[Event "Montreal Pere Noel"]
[Site "Montreal"]
[Date "2012.12.30"]
[Round "5.12"]
[White "Nardone, Raul"]
[Black "Zhang, Zhiyuan"]
[Result "1-0"]
[WhiteElo "1759"]
[BlackElo "2013"]
[PlyCount "63"]
[EventDate "2012.12.26"]
[EventType "swiss"]
[EventRounds "5"]
[EventCountry "CAN"]
[SourceTitle "EXT 2022"]
[Source "ChessBase"]
[SourceDate "2021.10.06"]
[SourceVersion "1"]
[SourceVersionDate "2021.10.06"]
[SourceQuality "1"]

1. d4 d5 2. Nf3 Nf6 3. Bg5 Ne4 4. Bh4 c5 5. e3 Qb6 6. Nbd2 Nxd2 7. Qxd2 Nc6 8. c3 cxd4 9. exd4 Bf5 10. Be2 e6 11. 0-0 Bd6 12. Bg3 Bxg3 13. hxg3 0-0 14. Nh4 Bg6 15. Nxg6 hxg6 16. f4 Qc7 17. Bd3 Ne7 18. g4 Qd7 19. Qe2 Rab8 20. Rae1 b5 21. f5 gxf5 22. gxf5 Nxf5 23. g4 Nd6 24. Qh2 g6 25. Re3 e5 26. Rh3 Qxg4+ 27. Kh1 f6 28. Rg3 Qe6 29. Bxg6 Qe7 30. Be8+ Qg7 31. Rxg7+ Kxg7 32. Rg1# 1-0

[Event "Trois-Rivieres Mauricie op"]
[Site "Trois Rivieres"]
[Date "2012.03.17"]
[Round "2"]
[White "Zhang, Zhiyuan"]
[Black "Chiku Ratte, Olivier Kenta"]
[Result "1-0"]
[WhiteElo "2055"]
[BlackElo "2116"]
[PlyCount "65"]
[EventDate "2012.03.16"]
[EventType "swiss"]
[EventRounds "5"]
[EventCountry "CAN"]
[SourceTitle "EXT 2022"]
[Source "ChessBase"]
[SourceDate "2021.10.06"]
[SourceVersion "1"]
[SourceVersionDate "2021.10.06"]
[SourceQuality "1"]

1. e4 c5 2. Nf3 d6 3. Bb5+ Bd7 4. Bxd7+ Qxd7 5. c4 Nf6 6. Nc3 g6 7. d4 cxd4 8. Nxd4 Bg7 9. f3 0-0 10. Be3 Rc8 11. b3 Nc6 12. Rc1 a6 13. a4 Qd8 14. 0-0 Qa5 15. Re1 Rab8 16. Qd2 Nd7 17. Red1 Nc5 18. Rb1 Ne6 19. Nde2 Nc7 20. Nd4 Qh5 21. Rbc1 Ne6 22. Nxe6 fxe6 23. Ne2 Qa5 24. Nf4 Qxd2 25. Rxd2 Kf7 26. Nh3 h6 27. Bb6 Nb4 28. Ba5 Nc6 29. Bb6 e5 30. Nf2 Nd4 31. Rb1 Rc6 32. a5 Bf6 33. Kf1 1-0

[Event "Trois-Rivieres Mauricie op"]
[Site "Trois Rivieres"]
[Date "2012.03.16"]
[Round "1"]
[White "Kraiouchkine, Nikita"]
[Black "Zhang, Zhiyuan"]
[Result "1-0"]
[WhiteElo "2327"]
[BlackElo "2055"]
[PlyCount "89"]
[EventDate "2012.03.16"]
[EventType "swiss"]
[EventRounds "5"]
[EventCountry "CAN"]
[SourceTitle "EXT 2022"]
[Source "ChessBase"]
[SourceDate "2021.10.06"]
[SourceVersion "1"]
[SourceVersionDate "2021.10.06"]
[SourceQuality "1"]

1. e4 c6 2. c4 d5 3. exd5 cxd5 4. cxd5 Nf6 5. Bb5+ Nbd7 6. Nc3 a6 7. Qa4 Rb8 8. Bxd7+ Bxd7 9. Qb3 b5 10. a3 Bf5 11. Nf3 Qd6 12. d4 Rd8 13. Be3 Nxd5 14. Nxd5 Qxd5 15. Qxd5 Rxd5 16. Rc1 f6 17. 0-0 Kd7 18. Bf4 e5 19. dxe5 g5 20. Be3 g4 21. Nd4 Rxe5 22. Nxf5 Rxf5 23. Rfd1+ Ke6 24. Rc6+ Kf7 25. Rd7+ Kg6 26. Rd8 Bg7 27. Rxh8 Bxh8 28. Rxa6 Bg7 29. Kf1 Bh6 30. Bd4 Bg5 31. Ke2 h5 32. Bc3 Bf4 33. h3 gxh3 34. gxh3 Bc7 35. Rc6 Bb8 36. Bd4 Be5 37. Bxe5 Rxe5+ 38. Kd3 Rf5 39. Ke3 Kg5 40. b4 Re5+ 41. Kf3 h4 42. Rc5 Rf5+ 43. Ke4 Rxc5 44. bxc5 f5+ 45. Ke5 1-0

[Event "Montreal Pere Noel"]
[Site "Montreal"]
[Date "2011.12.29"]
[Round "4"]
[White "Zhang, Zhiyuan"]
[Black "Lacroix, Serge"]
[Result "1/2-1/2"]
[WhiteElo "1855"]
[BlackElo "2066"]
[PlyCount "92"]
[EventDate "2011.12.26"]
[EventType "swiss"]
[EventRounds "5"]
[EventCountry "CAN"]
[SourceTitle "EXT 2022"]
[Source "ChessBase"]
[SourceDate "2021.10.06"]
[SourceVersion "1"]
[SourceVersionDate "2021.10.06"]
[SourceQuality "1"]

1. e4 Nf6 2. Nc3 e5 3. Nf3 Nc6 4. d4 exd4 5. Nxd4 Bb4 6. Nxc6 Bxc3+ 7. bxc3 bxc6 8. Bd3 d5 9. exd5 Qe7+ 10. Be3 Nxd5 11. Qd2 Nxe3 12. fxe3 0-0 13. 0-0 Re8 14. e4 Qc5+ 15. Kh1 Re5 16. Rab1 Rh5 17. Bc4 Be6 18. Bxe6 fxe6 19. Qd7 h6 20. Qxe6+ Kh7 21. Rf3 Rf8 22. Rbf1 Rxf3 23. Rxf3 Qd6 24. Qxd6 cxd6 25. Rd3 Rb5 26. h3 d5 27. exd5 cxd5 28. Kh2 Kg6 29. a4 Rc5 30. Kg3 Kf5 31. Kf3 Ke5 32. Re3+ Kd6 33. Ke2 Rc4 34. Rf3 Rxa4 35. Rf8 Ra1 36. Rg8 a5 37. Rxg7 a4 38. Rg6+ Kc5 39. Rxh6 a3 40. Ra6 a2 41. Kd2 Rg1 42. Rxa2 Rxg2+ 43. Kd1 Rh2 44. Ra5+ Kc4 45. Ra4+ Kxc3 46. Ra3+ Kc4 1/2-1/2

[Event "Montreal Pere Noel"]
[Site "Montreal"]
[Date "2011.12.27"]
[Round "2"]
[White "Zhang, Zhiyuan"]
[Black "Sambuev, Bator"]
[Result "0-1"]
[WhiteElo "2066"]
[BlackElo "2578"]
[PlyCount "120"]
[EventDate "2011.12.26"]
[EventType "swiss"]
[EventRounds "5"]
[EventCountry "CAN"]
[SourceTitle "EXT 2022"]
[Source "ChessBase"]
[SourceDate "2021.10.06"]
[SourceVersion "1"]
[SourceVersionDate "2021.10.06"]
[SourceQuality "1"]

1. e4 e6 2. d4 d5 3. exd5 exd5 4. Nf3 Nc6 5. Bb5 Bd6 6. 0-0 Nge7 7. Bg5 f6 8. Bh4 Bg4 9. Bg3 0-0 10. c3 Ng6 11. Nbd2 Nce7 12. Qc2 Nf4 13. Bxf4 Bxf4 14. Bd3 g6 15. Rfe1 Qd7 16. h3 Bf5 17. Bxf5 Nxf5 18. Re2 Rae8 19. Rae1 Nd6 20. b3 Rxe2 21. Rxe2 Re8 22. Qd3 Kf7 23. a4 Rxe2 24. Qxe2 Qf5 25. c4 c6 26. c5 Ne8 27. Ne1 Nc7 28. Nd3 Ne6 29. Nf3 Bh6 30. Kf1 Qe4 31. Nde1 Bf4 32. Nc2 h5 33. b4 a6 34. Ke1 Qf5 35. Kd1 Bh6 36. g4 hxg4 37. hxg4 Qf4 38. g5 Bxg5 39. Nxg5+ Nxg5 40. Qe3 Qg4+ 41. Kc1 Qf3 42. b5 axb5 43. axb5 cxb5 44. Kb2 Qxe3 45. Nxe3 Ke6 46. Ka3 Nf3 47. Nc2 Kf5 48. Kb4 Ke4 49. Kc3 f5 50. Na3 Nxd4 51. f3+ Nxf3 52. Nxb5 Ke3 53. Nd6 d4+ 54. Kb4 d3 55. Nc4+ Kd4 56. Kb5 d2 57. Nb2 Ne5 58. Kb6 Nc4+ 59. Nxc4 Kxc4 60. Kxb7 d1Q 0-1

[Event "Quebec op"]
[Site "Montreal"]
[Date "2011.07.28"]
[Round "7"]
[White "Zhang, Zhiyuan"]
[Black "Hebert, Jean"]
[Result "0-1"]
[WhiteElo "2046"]
[BlackElo "2412"]
[PlyCount "126"]
[EventDate "2011.07.23"]
[EventType "swiss"]
[EventRounds "9"]
[EventCountry "CAN"]
[SourceTitle "EXT 2022"]
[Source "ChessBase"]
[SourceDate "2021.10.06"]
[SourceVersion "1"]
[SourceVersionDate "2021.10.06"]
[SourceQuality "1"]

1. e4 c5 2. Nf3 e6 3. c3 d5 4. exd5 Qxd5 5. d4 Nf6 6. Be2 Nc6 7. 0-0 cxd4 8. cxd4 Be7 9. Nc3 Qd6 10. a3 0-0 11. Be3 b6 12. Rc1 Bb7 13. Bd3 Rfd8 14. Bb1 Rac8 15. Qc2 g6 16. Qe2 a6 17. Rfd1 b5 18. b4 Qd7 19. Bg5 Nb8 20. Ne5 Qe8 21. Bxf6 Bxf6 22. Ne4 Bxe4 23. Qxe4 Bxe5 24. dxe5 Nc6 25. g3 Ne7 26. Ba2 Rxc1 27. Rxc1 Qd7 28. Bb1 Qd2 29. Qe1 Qb2 30. Kg2 Nd5 31. Be4 Qxe5 32. Bxd5 Qxe1 33. Rxe1 Rxd5 34. Re3 Rd2 35. Rc3 Ra2 36. h4 h5 37. Kf3 Kg7 38. Ke3 Kf6 39. Rb3 Kf5 40. Kf3 Rc2 41. Rd3 e5 42. Ke3 f6 43. Rb3 Kg4 44. a4 Rc4 45. axb5 axb5 46. Ke2 Kh3 47. Rf3 f5 48. Rd3 Rxb4 49. Rd6 Kg2 50. Rxg6 Rb2+ 51. Ke3 Rxf2 52. Re6 e4 53. Re5 Rf3+ 54. Kd4 b4 55. g4 hxg4 56. h5 Kg3 57. h6 Kf4 58. Rb5 Rd3+ 59. Kc4 Rh3 60. Rxb4 Rxh6 61. Kc3 g3 62. Kd2 g2 63. Rb1 Rh1 0-1

[Event "Montreal Pere Noel op"]
[Site "Montreal"]
[Date "2010.12.26"]
[Round "1"]
[White "Sambuev, Bator"]
[Black "Zhang, Zhiyuan"]
[Result "1-0"]
[WhiteElo "2555"]
[BlackElo "1951"]
[PlyCount "79"]
[EventDate "2010.12.26"]
[EventType "swiss"]
[EventRounds "5"]
[EventCountry "CAN"]
[SourceTitle "EXT 2013"]
[Source "ChessBase"]
[SourceDate "2012.11.22"]
[SourceVersion "1"]
[SourceVersionDate "2012.11.22"]
[SourceQuality "1"]

1. d4 Nf6 2. c4 g6 3. Nc3 d5 4. cxd5 Nxd5 5. e4 Nxc3 6. bxc3 Bg7 7. Nf3 0-0 8. Be3 c5 9. Rc1 cxd4 10. cxd4 Nc6 11. d5 Ne5 12. Nxe5 Bxe5 13. f4 Bg7 14. Bc4 b6 15. 0-0 Bb7 16. Qb3 Rc8 17. Rfd1 Kh8 18. e5 f6 19. e6 Qd6 20. f5 gxf5 21. Rd4 a6 22. Bf4 Qc5 23. Qd3 b5 24. Bb3 Qb6 25. Rd1 Rg8 26. Qxf5 Qc5 27. Be3 Bf8 28. Re4 Qc3 29. Bd4 Qa5 30. Rh4 Rg7 31. Be3 Kg8 32. Rg4 Rxg4 33. Qxg4+ Kh8 34. d6 Rd8 35. d7 b4 36. Bc2 b3 37. Bxb3 Bg7 38. Qd4 Qc7 39. Qc5 Qb8 40. Qxe7 1-0

[Event "North American-ch U14"]
[Site "Montreal"]
[Date "2010.08.17"]
[Round "3"]
[White "Zhang, Zhiyuan"]
[Black "Sohal, Tanraj"]
[Result "1/2-1/2"]
[WhiteElo "1686"]
[BlackElo "2048"]
[PlyCount "105"]
[EventDate "2010.08.16"]
[EventType "swiss"]
[EventRounds "7"]
[EventCountry "CAN"]
[SourceTitle "EXT 2013"]
[Source "ChessBase"]
[SourceDate "2012.11.22"]
[SourceVersion "1"]
[SourceVersionDate "2012.11.22"]
[SourceQuality "1"]

1. e4 c5 2. c3 d5 3. exd5 Qxd5 4. d4 Nf6 5. Nf3 e6 6. Be2 Nc6 7. Be3 cxd4 8. cxd4 Bb4+ 9. Nc3 Qa5 10. Bd2 Qd8 11. a3 Ba5 12. Be3 Nd5 13. Qc2 0-0 14. 0-0 Nce7 15. Bd3 f5 16. Bd2 Bb6 17. Rfe1 h6 18. Qb3 Nc7 19. Bf4 Ncd5 20. Be5 Bd7 21. Bd6 Ba4 22. Nxa4 Qxd6 23. Nxb6 axb6 24. Bc4 Kh7 25. Bxd5 Nxd5 26. Re5 Rfe8 27. Rae1 Nc7 28. h3 b5 29. Rc1 b6 30. Re2 Re7 31. Rec2 Ra7 32. Ne5 Rb7 33. Qd3 Re8 34. Qg3 Re7 35. Qg6+ Kg8 36. Rd2 Qd5 37. Rc3 Qd6 38. Rg3 f4 39. Rf3 Nd5 40. Ng4 Kh8 41. Qd3 b4 42. Ne5 Kg8 43. Nc4 Qd8 44. g3 Rf7 45. Qe4 bxa3 46. bxa3 Rf6 47. g4 Rc7 48. Ne5 Nc3 49. Qd3 Nd5 50. Rc2 Qc8 51. Rxc7 Qxc7 52. Qc4 Qxc4 53. Nxc4 1/2-1/2

[Event "Quebec-ch opB"]
[Site "Montreal"]
[Date "2010.07.25"]
[Round "2"]
[White "Zhang, Zhiyuan"]
[Black "Beaulieu, Pierre"]
[Result "1-0"]
[WhiteElo "1893"]
[BlackElo "1985"]
[PlyCount "71"]
[EventDate "2010.07.24"]
[EventType "swiss"]
[EventRounds "9"]
[EventCountry "CAN"]
[SourceTitle "EXT 2013"]
[Source "ChessBase"]
[SourceDate "2012.11.22"]
[SourceVersion "1"]
[SourceVersionDate "2012.11.22"]
[SourceQuality "1"]

1. e4 b6 2. d4 Bb7 3. Bd3 e6 4. Nf3 Nf6 5. Qe2 Be7 6. 0-0 d6 7. Rd1 Nbd7 8. e5 Nd5 9. a3 c6 10. c4 Nc7 11. exd6 Bxd6 12. Nc3 Nf6 13. Ne4 Be7 14. h3 0-0 15. Nxf6+ Bxf6 16. Qe4 g6 17. Ne5 Rc8 18. Qf3 Ne8 19. Be4 Bg7 20. Nxc6 Bxc6 21. Bxc6 Bxd4 22. Bh6 Ng7 23. Qe4 e5 24. Bd5 Qf6 25. Rd2 Rfe8 26. Bxg7 Kxg7 27. Rb1 Qe7 28. Re1 Qg5 29. Rde2 Red8 30. Kh1 Rc7 31. Rd1 f5 32. Qd3 f4 33. Qb3 Re7 34. Rd3 Rf8 35. Kg1 Qf6 36. Qb4 1-0

[Event "Montreal Transcontinental 2-A"]
[Site "Montreal"]
[Date "2010.02.07"]
[Round "5"]
[White "Zhang, Zhiyuan"]
[Black "Gagnon, Serge"]
[Result "1/2-1/2"]
[WhiteElo "1905"]
[BlackElo "1945"]
[PlyCount "50"]
[EventDate "2010.02.05"]
[EventType "tourn"]
[EventRounds "5"]
[EventCountry "CAN"]
[SourceTitle "EXT 2013"]
[Source "ChessBase"]
[SourceDate "2012.11.22"]
[SourceVersion "1"]
[SourceVersionDate "2012.11.22"]
[SourceQuality "1"]

1. d4 d6 2. Nf3 g6 3. c4 Bg7 4. Nc3 Nc6 5. e3 e5 6. Be2 f5 7. d5 Nce7 8. Qb3 e4 9. Nd4 c5 10. Nc2 Nf6 11. Bd2 0-0 12. h3 Nd7 13. 0-0 Ne5 14. Rad1 g5 15. Ne1 N7g6 16. Qc2 Nh4 17. g3 Nhf3+ 18. Kg2 Qf6 19. Bxf3 exf3+ 20. Nxf3 Nxc4 21. Qb3 Nxd2 22. Rxd2 b6 23. Rh1 Bd7 24. h4 g4 25. Ng1 Rf7 1/2-1/2

[Event "Montreal Transcontinental 2-A"]
[Site "Montreal"]
[Date "2010.02.06"]
[Round "3"]
[White "Zhang, Zhiyuan"]
[Black "Chiku Ratte, Olivier Kenta"]
[Result "1-0"]
[WhiteElo "1905"]
[BlackElo "1868"]
[PlyCount "71"]
[EventDate "2010.02.05"]
[EventType "tourn"]
[EventRounds "5"]
[EventCountry "CAN"]
[SourceTitle "EXT 2013"]
[Source "ChessBase"]
[SourceDate "2012.11.22"]
[SourceVersion "1"]
[SourceVersionDate "2012.11.22"]
[SourceQuality "1"]

1. e4 c5 2. c3 d5 3. exd5 Qxd5 4. Nf3 Nc6 5. d4 cxd4 6. cxd4 Bg4 7. Be2 e6 8. a3 Nf6 9. h3 Bh5 10. Nc3 Qd6 11. Be3 Be7 12. 0-0 0-0 13. Qb3 Nd5 14. Nxd5 Qxd5 15. Bc4 Qd6 16. Be2 Bf6 17. Rfd1 Rfd8 18. Rab1 Rd7 19. Qb5 Qd5 20. Qxd5 Rxd5 21. Rd2 Rad8 22. Rbd1 Kf8 23. b4 a6 24. g4 Bg6 25. Bc4 R5d7 26. d5 exd5 27. Bxd5 Bc3 28. Bc5+ Kg8 29. Bxf7+ Bxf7 30. Rxd7 Re8 31. Bd4 Be6 32. Bxc3 Bxd7 33. Rxd7 g6 34. Ng5 h6 35. Rg7+ Kf8 36. Nh7# 1-0

[Event "Montreal Pere Noel op"]
[Site "Montreal"]
[Date "2009.12.26"]
[Round "1"]
[White "Zhang, Zhiyuan"]
[Black "Kovalyov, Anton"]
[Result "0-1"]
[WhiteElo "1884"]
[BlackElo "2591"]
[PlyCount "82"]
[EventDate "2009.12.26"]
[EventType "swiss"]
[EventRounds "5"]
[EventCountry "CAN"]
[SourceTitle "EXT 2011"]
[Source "ChessBase"]
[SourceDate "2010.11.26"]
[SourceVersion "1"]
[SourceVersionDate "2010.11.26"]
[SourceQuality "1"]

1. e4 c5 2. c3 Nf6 3. e5 Nd5 4. d4 cxd4 5. cxd4 e6 6. a3 d6 7. Nf3 Be7 8. Bd3 dxe5 9. Nxe5 Nd7 10. 0-0 Nxe5 11. dxe5 0-0 12. Qg4 Qc7 13. Re1 Rd8 14. Bh6 g6 15. Nd2 Bd7 16. Rac1 Bc6 17. h4 Nf4 18. Qxf4 Rxd3 19. Ne4 Qd8 20. Ng5 Qe8 21. h5 Bd8 22. hxg6 hxg6 23. Rcd1 Rd5 24. Ne4 Rxd1 25. Nf6+ Bxf6 26. Qxf6 Rxe1+ 27. Kh2 Qf8 28. Bxf8 Rxf8 29. f3 Rd1 30. Kg3 Rd4 31. Kh3 Rfd8 32. f4 Rd2 33. g3 R8d3 34. Qg5 Rg2 35. Qe7 Rgxg3+ 36. Kh4 Rh3+ 37. Kg5 Rh5+ 38. Kg4 Rdh3 39. Qd8+ Kh7 40. f5 gxf5+ 41. Kf4 Rf3# 0-1

[Event "Quebec op U2400"]
[Site "Montreal"]
[Date "2009.07.19"]
[Round "3"]
[White "Beaulieu, Pierre"]
[Black "Zhang, Zhiyuan"]
[Result "1-0"]
[WhiteElo "1989"]
[BlackElo "1902"]
[PlyCount "109"]
[EventDate "2009.07.18"]
[EventType "swiss"]
[EventRounds "9"]
[EventCountry "CAN"]
[SourceTitle "EXT 2011"]
[Source "ChessBase"]
[SourceDate "2010.11.26"]
[SourceVersion "1"]
[SourceVersionDate "2010.11.26"]
[SourceQuality "1"]

1. e4 e6 2. Nf3 d5 3. e5 c5 4. c3 Nc6 5. Bb5 Bd7 6. Bxc6 bxc6 7. 0-0 Ne7 8. d3 Ng6 9. Re1 Be7 10. Nbd2 0-0 11. Nf1 Qb6 12. c4 Rfd8 13. Qe2 Bc8 14. Ng3 Ba6 15. b3 Bb7 16. Bg5 a5 17. h4 Bxg5 18. Nxg5 h6 19. Nxf7 Kxf7 20. Qh5 Qc7 21. Re3 Re8 22. Rae1 Qe7 23. Rf3+ Kg8 24. Qxg6 Rf8 25. Rxf8+ Rxf8 26. Nh5 Kh8 27. Re3 Qf7 28. Qxf7 Rxf7 29. g3 Bc8 30. Nf4 Kh7 31. Kg2 Rf5 32. Nh3 Kg8 33. f4 Kf8 34. Re2 Ke7 35. cxd5 cxd5 36. Rc2 Ba6 37. Nf2 g5 38. hxg5 hxg5 39. Kf3 gxf4 40. gxf4 c4 41. bxc4 dxc4 42. dxc4 Rf8 43. c5 Rc8 44. Ke3 Bb7 45. Ne4 Bxe4 46. Kxe4 Rb8 47. Rc4 Rc8 48. c6 Rc7 49. Kd4 Rc8 50. Kc5 Rb8 51. c7 Rf8 52. Kc6 Rf7 53. c8Q a4 54. Rxa4 Rxf4 55. Ra7# 1-0

[Event "Montreal Unisource 4th"]
[Site "Montreal"]
[Date "2009.02.27"]
[Round "1"]
[White "Turcotte, Jonathan"]
[Black "Zhang, Zhiyuan"]
[Result "0-1"]
[WhiteElo "1833"]
[BlackElo "1816"]
[PlyCount "106"]
[EventDate "2009.02.27"]
[EventType "tourn"]
[EventRounds "5"]
[EventCountry "CAN"]
[SourceTitle "EXT 2011"]
[Source "ChessBase"]
[SourceDate "2010.11.26"]
[SourceVersion "1"]
[SourceVersionDate "2010.11.26"]
[SourceQuality "1"]

1. d4 Nf6 2. c4 e6 3. Nf3 b6 4. g3 Bb7 5. Bg2 c5 6. 0-0 Be7 7. d5 exd5 8. Nh4 0-0 9. Nf5 d6 10. Nc3 Qd7 11. Nxe7+ Qxe7 12. Nxd5 Bxd5 13. Bxd5 Nxd5 14. Qxd5 Nd7 15. Re1 Nf6 16. Qd3 Rad8 17. e4 d5 18. e5 dxc4 19. Qxc4 Nd5 20. b3 Nb4 21. Ba3 Rd4 22. Qc3 Nc6 23. Re3 Rfd8 24. Rae1 Qe6 25. Bb2 Nb4 26. a3 Nd5 27. Qc1 Nxe3 28. Bxd4 cxd4 29. fxe3 Qxe5 30. exd4 Qxd4+ 31. Qe3 Qd6 32. Qe7 Qd4+ 33. Qe3 Kf8 34. Qxd4 Rxd4 35. Re3 Rd1+ 36. Kg2 Rd2+ 37. Kh3 f6 38. Rc3 Ke7 39. Rc7+ Rd7 40. Rc3 Ke6 41. Kg4 Ke5 42. Kf3 Kd4 43. Rc1 Re7 44. Rc4+ Kd3 45. h4 f5 46. h5 Kd2 47. Rb4 Kc3 48. Rb5 g6 49. hxg6 hxg6 50. Kf4 Re4+ 51. Kf3 Rd4 52. Ke3 Rd3+ 53. Kf4 Kb2 0-1